[Event "Corus-B"]
[Site "Wijk aan Zee"]
[Date "2005.01.30"]
[Round "13"]
[White "Carlsen, Magnus"]
[Black "Nijboer, Friso"]
[Result "0-1"]
[WhiteElo "2553"]
[BlackElo "2549"]
[PlyCount "74"]
[EventDate "2005.01.15"]
[EventType "tourn"]
[EventRounds "13"]
[EventCountry "NED"]
[EventCategory "13"]
[SourceTitle "CBM 105"]
[Source "ChessBase"]
[SourceDate "2005.04.11"]
[SourceVersion "1"]
[SourceVersionDate "2005.04.11"]
[SourceQuality "1"]

1. e4 {Gofshtein,Leonid D} c5 2. Nf3 Nc6 3. d4 cxd4 4. Nxd4 Nf6 5. Nc3 d6 6. Bg5 e6 7. Qd2 a6 8. O-O-O Bd7 9. f4 h6 ({RR} 9... b5 {RR} 10. Bxf6 gxf6 11. Nxc6 Bxc6 12. Qe3 Qc7 13. Kb1 Qa7 14. Qe1 Be7 15. f5 Qc5 16. Bd3 b4) ({RR} 9... Be7 {RR} 10. Nf3 b5 11. e5 b4 12. exf6 bxc3 13. Qxc3 gxf6) 10. Bh4 g5 11. fxg5 Ng4 12. Nxc6 ({RR} 12. Nf3 {RR} hxg5 13. Bg3 Be7 14. Be2 Nge5 15. Kb1 Nxf3 16. gxf3 Ne5 17. h4 gxh4 18. f4) 12... Bxc6 13. Be2 ({RR} 13. Qf4 hxg5 14. Bxg5 Qxg5 15. Qxg5 Bh6 16. Qxh6 Rxh6 17. Rxd6 Nf2 18. Rg1 Rxh2) 13... Ne5 14. Kb1 ({RR} 14. g3 Ng6 15. Rhf1 Nxh4 16. gxh4 hxg5 17. hxg5 Rxh2 ({RR} 17... Be7 18. Rg1 Qa5 19. Qf4 Qe5 20. Qxe5 dxe5 21. g6) 18. Rxf7 ({RR} 18. Qf4 Rh7 19. g6 Bh6 20. gxh7 Qf6 21. Kb1 Bxf4 22. Rxf4 Qh6) 18... Kxf7 19. Qf4+ Ke8 20. Qxh2 Qxg5+ 21. Kb1) 14... Be7 15. Bg3 ({RR} 15. Rhf1 hxg5 16. Bg3 Qc7 {½-½ (17) Strzemiecki,Z (2285)-Daskevics,V (2336) Gorzow Wielkopolski 2007}) 15... hxg5 16. Qe3 Qc7 17. Rhf1 Bd7 $146 ({RR} 17... b5 18. a3 Qa7 19. Rd4 Qb6 ({RR} 19... f6 20. Qd2 O-O-O 21. a4 d5 ({RR} 21... bxa4 22. Nxa4 d5) 22. axb5 Nc4 23. Qd3 ({RR} 23. Bxc4 dxc4 24. Bf2) 23... axb5) 20. Qd2 Bb7 ({RR} 20... Rc8) 21. Bxe5 dxe5 22. Rd7 f6 23. Bg4 ({RR} 23. Qd1 b4 ({RR} 23... Rxh2 24. Bh5+ Rxh5 25. Rxb7 Qxb7 26. Qxh5+ Kd7 27. Qf7) 24. Bh5+ Rxh5 25. Rxb7 Qxb7 26. Qxh5+) 23... Bc8 24. Bxe6 Qxe6 25. Rxe7+ Qxe7 26. Nd5 Qg7 ({RR} 26... Qc5 27. Nxf6+ Ke7 28. Qxg5 ({RR} 28. Nd5+ Kd6 29. Rf6+ ({RR} 29. Qxg5 Re8 30. Rd1 Kc6 31. Qg7 Ra7 32. Nb4+ Qxb4 33. Qxa7 Qe7) 29... Be6) 28... Kd6 29. Ng8 Rxg8 30. Qxg8 Kc7 31. h4 Bb7) 27. Nxf6+ Ke7 28. Qd5 Ra7 29. Qc5+ Kd8 30. Qb6+ Rc7 31. Rd1+ Bd7 32. Nxd7 {Akopian,V (2689)-Lugovoi,A (2550) Sochi 2004 EXT 2020 [Gofshtein,Leonid D] 1-0 (32)}) 18. Rd4 Qc5 19. Qd2 b5 20. Nd1 Rd8 21. Ne3 Bc6 22. c4 Qb6 23. Rc1 O-O 24. cxb5 axb5 25. Rf1 Qb7 26. Bd3 Nxd3 27. Qxd3 b4 28. Rf2 b3 29. a3 Rc8 30. Ng4 Qb5 31. Qd2 f5 32. exf5 exf5 33. Re2 Be4+ 34. Rexe4 fxe4 35. Ne3 Rc5 36. Rxe4 Rfc8 37. Rxe7 Qd3+ 0-1

[Event "Gausdal GM-A"]
[Site "Gausdal"]
[Date "2005.04.13"]
[Round "1"]
[White "Tiviakov, Sergei"]
[Black "Carlsen, Magnus"]
[Result "1-0"]
[WhiteElo "2631"]
[BlackElo "2548"]
[Annotator "Rogozenco,Dorian"]
[PlyCount "121"]
[EventDate "2005.04.13"]
[EventType "tourn"]
[EventRounds "9"]
[EventCountry "NOR"]
[EventCategory "10"]
[SourceTitle "CBM 107"]
[Source "ChessBase"]
[SourceDate "2005.08.01"]
[SourceVersion "1"]
[SourceVersionDate "2005.08.01"]
[SourceQuality "1"]

1. e4 {Tiviakov,Sergei} c5 2. c3 Nf6 3. e5 Nd5 4. Nf3 Nc6 5. Bc4 Nb6 6. Bb3 d5 ({RR} 6... c4) 7. exd6 Qxd6 8. Na3 {A tricky move order, which became quite popular thanks to E.Sveshnikov, who implemented it in the middle of 1990-es} ({After} 8. O-O Be6 9. d4 cxd4 10. Na3 {the easiest way to solve all the problems is} dxc3 $1 ({In case of} 10... Bxb3 11. Qxb3 {we reach same position from the variation 8.a3 e6, see below.})) ({In case of} 8. d4 cxd4 9. Na3 {the best is again} dxc3 $1 $11 ({although playable is also} 9... a6 10. O-O)) ({RR} 8. O-O Be6 9. Na3 Bxb3 10. axb3 Qd3 11. Qc2 ({RR} 11. Re1) ({RR} 11. Ne1) 11... Rd8 12. Qxd3 Rxd3 13. Nc2 ({RR} 13. Nc4 Nxc4 14. bxc4 e6 15. Re1 Be7 16. Ne5 Nxe5 17. Rxe5 a6 18. Kf1 O-O 19. Ke2 Rfd8 20. Re3 R3d6 21. d3 Bg5 22. Rg3 Bxc1 23. Rxc1 e5 24. b4 cxb4 25. cxb4 f6 26. Re3 Kf7 27. Rc3) 13... e6 14. Nfe1 Rd7 15. Nf3 Rd3 16. Nfe1 Rd7 17. Nf3 Rd3 ({RR} 17... Be7 18. d4) ({RR} 17... e5 18. Re1) {RR} 18. Re1 ({RR} 18. Rd1 Be7 19. Kf1 O-O 20. Ke2 Rfd8) 18... Be7 19. Kf1 O-O 20. Ne5 Nxe5 21. Rxe5 a6 22. Ke2 Rfd8) 8... e6 {This novelty is not so bad, but Black restricts his possibilities, since he will have to play ...a6 anyway. Therefore if Black didn't want 8...e6, then it made sense to start with 8...a6 and later to choose if play ...e6 or develop the bishop to f5, for instance. However, soon it will become clear that Carlsen wanted to do without ...a6, which doesn't work out well for Black.} (8... Be6 $142 9. d4 ({Less precise is} 9. O-O Bxb3 10. Qxb3 ({or} 10. axb3 Qd3) 10... Qd3 $1) ({Or} 9. Nb5 Qd7 10. Bxe6 (10. d4 Bxb3 11. axb3 (11. Qxb3 $2 Na5) 11... a6 $1) 10... Qxe6+ 11. Qe2 Qxe2+ 12. Kxe2 Rc8 $11) 9... Bxb3 ({Starting with} 9... cxd4 {offers White an additional possibility} 10. Nb5 Qd7 11. Bxe6 ({RR} 11. Bxe6 Qxe6+ 12. Be3 Qd7 13. Nbxd4) 11... Qxe6+ 12. Be3 $1) ({RR} 9... cxd4 10. Nb5 Qd7 11. Nbxd4 Bxb3) 10. Qxb3 cxd4 11. O-O {Now we can see the advantage of 8.a3. White avoided 10...dxc3, see the variation 8.0-0. However, even here Black is able to keep equality:} ({Another way is} 11. Nb5 Qd7 12. Nbxd4 ({RR} 12. Bf4 Na5 13. Qb4 Nc6 14. Qb3 Na5) 12... Nxd4 13. Nxd4 e6 14. O-O Be7 15. Rd1 O-O $1 {and Black will neutralize White's slight initiative.}) 11... e6 12. Rd1 (12. Nb5 Qd7 13. Nbxd4 Bc5 $11 ({or} 13... Nxd4 14. Nxd4 Be7 15. Rd1 O-O {which is the same as 11.b5})) 12... Qd5 13. Nb5 Qxb3 ({Also possible is} 13... Rc8 14. Nbxd4 Nxd4 15. Nxd4 (15. Rxd4 Qxb3 16. axb3 a6 17. b4 {White is slightly better according to Cuban GM R.Vera. Black looks pretty okay to me after the simple 17...e7.}) 15... Bc5 (15... Qxb3 16. axb3 a6 17. b4 $14) 16. Qb5+ Qd7 (16... Ke7 17. Qe2 $36) 17. Qe2 Qe7 {/=}) 14. axb3 Rd8 15. Nbxd4 Nxd4 16. Rxd4 Rxd4 17. Nxd4 a6 18. b4 e5 (18... Kd7 $5 19. b5 axb5 20. Ra7 Bc5 $1 21. Rxb7+ Kc8 22. Rxf7 Bxd4 23. cxd4 Rd8 {and soon Black achieved a draw in Charbonneau-Dominguez, Oropeza del Mar, 1999}) 19. Nb3 Kd7 20. b5 axb5 21. Ra7 Kc8 22. Be3 Nc4 23. Ra8+ Kc7 24. Bc5 Nd6 {Here the draw was agreed in the game Magem-Romero, Spain 1997. White could play for a long-term compensation with} 25. Bxd6+ {Otherwise Black plays 25...c8} Kxd6 26. Na5 Kc7 27. b4 $1 $44) (8... a6 9. d4 cxd4 10. O-O {transposes into a variation, which arises more often when White plays d2-d4 first, and later a3. With the present move order White avoided ...dxc3 (without ...a6), which usually equalizes easily (see 8.d4).} e6 (10... Bf5 $13) (10... Be6 $14)) ({RR} 8... Be6 9. O-O Bxb3 10. axb3 Qd3 11. Re1 e6 12. Re3 Qd7 13. Nc4 Nxc4 14. bxc4 Be7 15. d4 cxd4 16. cxd4 O-O 17. b3 Rfd8 {½-½ (17) Abasov,N (2635)-Korobov,A (2675) Chartres 2022}) ({RR} 8... Be6 9. d4 Bxb3 10. Qxb3 cxd4 11. Nb5 Qb8 ({RR} 11... Qd7 12. Nbxd4 Nxd4 13. Nxd4) 12. g3 ({RR} 12. O-O dxc3 ({RR} 12... e6 13. Nbxd4 Be7 14. Qb5 Qc7 15. Nxc6 bxc6 16. Qe5 Qxe5 17. Nxe5 Rc8 18. a4 f6 19. a5 Nd5 20. Nc4 a6 21. Be3 Kf7 22. Rfd1 Rb8 23. Kf1 g5 24. Ke2 Rhd8 25. Nb6 h5 26. g3)) ({RR} 12. Nbxd4 Nxd4 13. Nxd4) 12... Qd8 ({RR} 12... dxc3 13. Bf4 cxb2 ({RR} 13... e5 14. Ng5 Nd8 15. O-O-O) 14. Qxb2 e5 15. Nxe5 Nxe5 16. Bxe5 Nc4 17. Bxb8 Nxb2 18. Bxa7 Kd7 19. O-O) ({RR} 12... e6 13. Bf4 e5 14. Nxe5 Nxe5 15. cxd4) ({RR} 12... a6 13. Nbxd4 Nxd4 14. Nxd4) ({RR} 12... d3 13. O-O ({RR} 13. Be3 Nd7 ({RR} 13... a6 14. Bxb6 axb5 15. Qxb5) 14. O-O-O ({RR} 14. Rd1 a6) 14... a6 15. Na3 e6 16. Rxd3 b5) 13... e5 ({RR} 13... Nd7 14. Bf4 e5 15. Ng5 Nd8 16. Qc4) ({RR} 13... e6 14. Bf4) 14. Ng5 Nd8 15. Rd1 h6 ({RR} 15... Be7 16. Rxd3 O-O 17. Be3) 16. Nf3 Ne6 ({RR} 16... Bc5 17. Ne1) 17. Be3) 13. Bf4 Rc8 14. O-O-O Qd5 ({RR} 14... d3 15. Rhe1) ({RR} 14... Na5 15. Qc2 Qd5 16. Nfxd4 Qxa2 17. Nc7+ Rxc7 18. Bxc7) ({RR} 14... e6 15. Nfxd4) 15. Nfxd4 ({RR} 15. Rhe1 Qxf3 ({RR} 15... Qxb3 16. axb3 e6 17. Nfxd4 Nxd4) 16. Nd6+ Kd7 17. Nxf7 Qd5 18. Nxh8 Qxb3 ({RR} 18... Ke8 19. Qxd5 Nxd5 20. Be5) 19. axb3 Ke8) 15... Nxd4 ({RR} 15... Qxb3 16. axb3) 16. Nxd4 Qxb3 ({RR} 16... e6 17. Rhe1 Qxb3) 17. axb3 e6 ({RR} 17... a6 18. Rhe1 e6 19. Nxe6) ({RR} 17... Nd5 18. Be5 e6 19. Rhe1) 18. Rhe1 ({RR} 18. Nb5 a6 19. Nc7+ Ke7 20. Rhe1 Kf6) 18... Bc5 ({RR} 18... Nd7 19. Nb5 a6 ({RR} 19... a5) 20. Nc7+ ({RR} 20. Nd6+ Bxd6 21. Bxd6) 20... Kd8 ({RR} 20... Ke7 21. Bg5+ Nf6 22. Nd5+) 21. Rd3 Rxc7 22. Red1 Kc8 23. Bxc7 ({RR} 23. b4 Bd6 24. Bxd6 Rc6) 23... Nc5 24. Rf3 Kxc7 25. Rxf7+ Kc8 26. b4 Ne4 27. f4 g5 28. Rd4 Nd6 29. Rxf8+ Rxf8 30. Rxd6 gxf4 31. gxf4 Rxf4 32. Rxe6) 19. Nb5 a6 ({RR} 19... O-O 20. Bd6 Bxd6 ({RR} 20... Rfe8 21. Bxc5 Rxc5 22. Nd6 Rb8 23. Nxb7) 21. Rxd6) ({RR} 19... Bxf2 20. Nd6+) ({RR} 19... Ke7 20. b4 Bxb4 21. Kb1 Bc5 22. b4 Bxf2 23. Re2 a6 24. Nd6) 20. Nd6+ Bxd6 21. Rxd6 Rc6 ({RR} 21... Nd7 22. Red1 Nc5 ({RR} 22... Nf6 23. Rb6) 23. Rb6) ({RR} 21... Na8 22. Red1) 22. Rxc6 bxc6 23. Be5 {Tiviakov,S (2631)-Kulaots,K (2572) Gausdal 2005 CBM 107 [Tiviakov,Sergei] 1-0 (34)} ({RR} 23. Kc2 Ke7 24. Ra1 Ra8) {RR} 23... O-O) 9. d4 (9. Nb5 Qd8 10. d4 a6 11. dxc5 Bxc5 12. Qxd8+ Kxd8 $11) (9. O-O Be7 (9... a6 $5) ({RR} 9... Be7 10. d4) 10. d4 cxd4 11. Nb5 Qd8 12. Nbxd4 Nxd4 13. Nxd4 O-O $14) ({RR} 9. O-O a6 10. Qe2) 9... Be7 $2 (9... a6 $1 10. O-O ({RR} 10. O-O cxd4 11. cxd4 Be7) ({RR} 10. Be3 cxd4 11. Nxd4 Nd5) 10... cxd4 $14 {/=}) (9... cxd4 10. Nb5 Qb8 (10... Qd8 $2 11. Bf4 $18) 11. Nbxd4 $14) ({RR} 9... cxd4 10. Nb5 Qd8 11. Bf4 Be7 12. Nc7+ Kf8 13. Nxa8 Nxa8 14. Nxd4 Na5 15. O-O Nb6 16. Qf3 Nxb3 17. axb3 a6 18. Rad1 Qe8 19. c4 f6 20. Rfe1 Bb4 21. Nxe6+ Bxe6 22. Bd6+ {1-0 (22) Nguyen Ngoc Truong Son (2632)-Spangenberg,H (2469) chess.com INT 2025}) ({RR} 9... a6 10. dxc5 Qxd1+ 11. Bxd1 Bxc5 12. Nc2) 10. Nb5 $1 Qd8 $146 {In such a position two mistakes in a row are fatal.} (10... Qb8 11. dxc5 ({RR} 11. g3 cxd4 12. cxd4 Bb4+ 13. Kf1 Bd6 14. Nxd6+ Qxd6 15. Bf4) 11... Bxc5 12. Be3 ({RR} 12. Be3 Bxe3 13. Nd6+ Ke7 14. Nxc8+ Rxc8 15. fxe3) 12... Bxe3 13. Nd6+ Ke7 14. Nxc8+ Rxc8 15. fxe3 $14 {(Tiviakov)}) ({RR} 10... Qb8 11. g3 cxd4 12. cxd4 e5 13. dxe5 Bb4+ 14. Kf1 O-O 15. Bf4 Be6 16. Ng5 Rd8 17. Qh5 {1-0 (17) Godena,M (2516)-Quinonez Centeno,C (2293) Istanbul 2012}) ({RR} 10... Qb8 11. dxc5 Bxc5 12. O-O O-O 13. Ng5 h6 14. Ne4 Be7 15. Be3) ({RR} 10... Qd7 11. dxc5 Bxc5 12. Qxd7+ Kxd7 13. Bf4) 11. dxc5 Bxc5 (11... Qxd1+ {loses at once after both 12.xd1 and 12.xd1, since Black is losing material in view of the threat c7+.}) 12. Qxd8+ ({RR} 12. Bf4 O-O 13. O-O) 12... Kxd8 13. Bf4 a6 (13... Ke7 14. Ng5 a6 15. Nc7 Ra7 16. Ne4 Nd7 17. Bg5+ $18) ({RR} 13... Ke7 14. Ng5) ({RR} 13... Nd5 14. Bxd5 exd5 15. Nc7 Rb8 16. Nxd5) 14. Rd1+ ({RR} 14. Nc7 Ra7 15. O-O-O+ ({RR} 15. Ng5 e5 16. Nd5 Nxd5 17. Bxd5 exf4 18. Nxf7+ Ke7 19. Nxh8 Be6) 15... Ke7 16. Ng5 Na8 17. Ne4 Nxc7 18. Nxc5) 14... Bd7 (14... Ke7 $142 15. Nc7 ({RR} 15. Nd6) 15... Ra7 16. Ng5 Na8 17. Ne4 $16 {(Tiviakov)}) ({RR} 14... Ke7 15. Nc7 Ra7 16. Ng5 Na8 17. Ne4 Nxc7 18. Nxc5) 15. Nc7 {White starts a forced operiation, which wins material.} ({Good is also} 15. Nd6 Bxd6 16. Bxd6 $16) 15... Rc8 16. Ng5 e5 (16... Ke7 17. Ne4 e5 18. Nxc5 Rxc7 ({RR} 18... exf4 19. Nxd7 Nxd7 20. Nd5+) 19. Be3 Nc8 20. Rxd7+ Rxd7 21. Nxd7 Kxd7 22. Bxf7 $18) ({RR} 16... Rf8 17. Ncxe6+ fxe6 18. Nxe6+ Ke8 19. Nxg7+ Kd8 20. Ne6+ Ke8 21. Nxf8) ({RR} 16... Ke7 17. Ne4 e5 18. Nxc5 Rxc7 19. Be3) 17. Nd5 Nxd5 ({RR} 17... exf4 18. Nxf7+ Ke8 19. Nxb6 Bxb6 20. Nxh8) ({RR} 17... Rf8 18. Nxb6 Bxb6 19. Bg3) 18. Nxf7+ Ke7 19. Rxd5 exf4 20. Rxc5 (20. Nxh8 $1 b6 ({RR} 20... Bb6 21. O-O Rxh8 22. Re1+ Kd8 23. Red1 Nb8 24. Ba4) ({RR} 20... b6 21. O-O Rxh8 22. Re1+ Kd8 23. Red1 Nb8 24. Ba4 b5 25. Bc2) 21. O-O $1 $18 {(Tiviakov)}) ({RR} 20. Nxh8 Na5 21. Bd1) 20... Rhf8 21. Ng5 Rf5 22. Rxf5 Bxf5 23. O-O Kf6 24. Nf3 {White is a pawn up and Tiviakov gradually converted it into a full point.} Re8 25. Rd1 Re2 26. Rd6+ Ke7 27. Rd2 Rxd2 28. Nxd2 Ne5 29. g3 g5 30. gxf4 gxf4 31. Bd5 b6 32. Kg2 Bg4 33. b4 Kd6 34. Be4 h6 35. Nf3 Nxf3 36. Bxf3 Be6 37. a3 Ke5 38. Bb7 a5 {In order to win White needs either to create a passed pawn on the queenside, or penetrate with the king to c4. In any case he must bring the king to the queenside first.} 39. Kf3 Bd7 40. Be4 Ba4 41. Bd3 Bd7 42. Bf1 Be6 43. Bb5 Bf5 44. Ke2 Be4 45. Kd2 Bf5 46. Bd3 {As long as Black can meet c3-c4 with the answer ...e5-d4, White cannot advance the c-pawn.} Be6 47. Kc2 Bf7 48. Bf1 Be6 (48... Bg6+ 49. Kb3 Be8 50. bxa5 bxa5 51. Kc4 $18) 49. Kd3 Bf7 50. c4 axb4 51. axb4 Bg6+ 52. Kc3 Be4 53. c5 bxc5 54. bxc5 Bc6 (54... Kd5 55. Kb4 Kc6 56. Kc4 $18) 55. Kb4 Bd5 56. Kb5 Ke4 57. Be2 f3 58. Bc4 Ba8 59. c6 Kd4 60. c7 Bb7 61. Be6 1-0

[Event "Gausdal GM-A"]
[Site "Gausdal"]
[Date "2005.04.14"]
[Round "2"]
[White "Kulaots, Kaido"]
[Black "Carlsen, Magnus"]
[Result "1-0"]
[WhiteElo "2578"]
[BlackElo "2548"]
[Annotator "Ftacnik,Lubomir"]
[PlyCount "77"]
[EventDate "2005.04.13"]
[EventType "tourn"]
[EventRounds "9"]
[EventCountry "NOR"]
[EventCategory "10"]
[SourceTitle "CBM 107"]
[Source "ChessBase"]
[SourceDate "2005.08.01"]
[SourceVersion "1"]
[SourceVersionDate "2005.08.01"]
[SourceQuality "1"]

1. e4 c5 2. Nf3 d6 3. d4 cxd4 4. Nxd4 Nf6 5. Nc3 a6 6. Be2 e5 7. Nb3 Be7 8. O-O O-O 9. Kh1 b6 10. f3 Bb7 11. Be3 Nbd7 {The modern line with careful advance 9...b6 is very popular, black is often ready to sacrifice the exchange for the knight on c3 in order to enable d6-d5 advance.} (11... b5 12. a4 b4 13. Nd5 Nxd5 14. exd5 Nd7 15. c4 bxc3 16. bxc3 Bg5 17. Bg1 Qc7 18. c4 a5 19. Nd2 f5 20. Nb1 Nc5 21. Nc3 Rf6 22. Rb1 Ba6 23. Qc2 {Anand,V-Gelfand,B/Dos Hermanas/1997/ 0,5}) 12. a4 Rc8 (12... Qc7 13. Rf2 Rfd8 14. Bf1 $14) 13. Rf2 Rc7 14. Bf1 (14. Qf1 Qa8 15. Rd1 h6 16. Nd2 d5 17. exd5 Rxc3 18. bxc3 Nxd5 19. Nc4 b5 20. Rxd5 Bxd5 21. axb5 axb5 22. Nd2 b4 {½-½ Lopez Rodriguez,J-Morales,J/Medina del Campo 2001/ (48)}) 14... Qa8 15. Rd2 Rfc8 (15... h6 16. Nc1 Rxc3 17. bxc3 d5 18. exd5 (18. Nb3 Rc8 19. exd5 Nxd5 20. Rxd5 Bxd5 21. c4 Be6 22. a5 bxa5 23. Rxa5 Bb4 24. Ra4 a5 {½-½ Barua,D-Sowray,P/London 2001/ (37)}) (18. c4 dxe4 19. Rxd7 Nxd7 20. Qxd7 exf3 21. Kg1 fxg2 22. Bd3 (22. Be2 Bf6 23. Qg4 Be7 {0-1 Rohl Montes,J-Leitao,R/San Felipe 1998/ (31)}) 22... Bc5 23. Bxc5 bxc5 24. Nb3 Bc6 25. Qf5 {1-0 Ye Jiangchuan-Lin Weiguo/Beijing 1997/ (46)}) 18... Nxd5 19. Rd3 e4 20. fxe4 Nxe3 21. Rxe3 Nc5 22. e5 Ne4 23. Qe1 Rc8 24. Nb3 Bg5 25. e6 fxe6 26. Rf3 {1-0 Brodsky,M-Sowray,P/Port Erin 2001/ (38)}) 16. Qe2 $146 {Interesting idea 16.c1!? has brought success in two important predecessors games.} (16. Nc1 $5 Rxc3 (16... Bf8 17. N1a2 h6 18. Nb4 Rxc3 19. bxc3 Rxc3 20. Rd3 Rc7 21. Rb1 Nc5 22. Bxc5 Rxc5 23. Rd2 {1-0 Ganguly,S-Alzate,D/Bled 2002/ (36)}) 17. bxc3 Rxc3 18. Rd3 Qc8 19. Rxc3 Qxc3 20. Nd3 d5 21. Bd2 Qc8 22. exd5 Bxd5 23. Bb4 {1-0 Lutz,C-Roeder,M/Vienna 1996/ (44)}) ({RR} 16. Nc1 Rxc3 17. bxc3 d5 18. c4 d4 19. Bg1 Bb4 20. Rf2 Nc5 21. Nd3 Bc3 22. Nxe5 Qb8 23. Nd3 Bxa1 24. Qxa1 a5 25. Rd2 Ncxe4 26. fxe4 Nxe4 27. Rd1 Nc3 28. Re1 Rxc4 29. Bxd4 Ne4 30. Bxg7 Nd2 {Doggers,P (2247)-Griffiths,R (2103) Budapest 2007 1-0 (31)}) ({RR} 16. Nc1 Rxc3 17. bxc3 Rxc3 18. Rd3 Rc8 19. c4 Nc5 20. Rd2 Bc6 21. Nd3 Qb7 22. Nb4 h6 23. Nd5 Nxd5 24. cxd5 Bd7 25. Rb2 Qc7 26. Bxc5 Qxc5 27. Bxa6 Rc7 28. Bb5 Bc8 29. Bc6 Bg5 30. Rb5 Qc3 {Womacka,M (2371)-Cu Hor,W (2319) chess.com INT 2023 0-1 (39)}) 16... h6 17. Rad1 Rxc3 18. bxc3 d5 (18... Rxc3 19. Rd3 Rxd3 (19... Rc8 20. Qd2 $16) 20. Qxd3 d5 21. exd5 Nxd5 22. Bg1 $14) 19. exd5 (19. Qf2 Rxc3 20. exd5 Nxd5 21. Rd3 $14) 19... Nxd5 20. Rd3 (20. Rxd5 Bxd5 21. Qxa6 Qxa6 22. Bxa6 Rxc3 $1 23. Rxd5 Rxe3 24. Kg1 Nc5 $11) 20... N7f6 $1 {Carlsen understands, that his chances are closely married to the activity and coordination of his pieces.} (20... Nxc3 $4 21. Rxc3 Rxc3 22. Rxd7 $18) 21. Qe1 e4 (21... b5 22. axb5 axb5 23. Bf2 $16) (21... Bf8 22. Bf2 Qb8 23. c4 $16) 22. fxe4 Nxe4 (22... Nxe3 23. Rxe3 Nxe4 24. Rd4 f5 25. Bc4+ Kh8 26. Be6 Rf8 $14) 23. Bd4 Nf4 {Black is full exchange down, but his pieces are dancing on many attractive squares.} (23... f5 24. Rf3 Rf8 25. c4 Nb4 26. Bxb6 $18) 24. Rf3 (24. Re3 Ng6 25. Kg1 $14) 24... Ng6 (24... Bg5 25. h4 Nc5 26. hxg5 Bxf3 27. Rd2 $1 (27. gxf3 Qxf3+ 28. Kg1 Ne4) 27... Bd5 28. Qe5 Nce6 29. gxh6 $14) 25. Kg1 Re8 $5 (25... Bh4 26. g3 Ng5 27. Re3 Nf3+ 28. Rxf3 Bxf3 29. gxh4 Re8 30. Qd2 Bxd1 31. Qxd1 Nxh4 32. Nd2 Re6 33. Qh5 $16) 26. Bc4 (26. Be2 Ng5 27. Rf2 Ne4 28. Rf5 Nd6 $11) 26... Nd6 27. Be2 Nh4 $1 (27... Bxf3 28. Bxf3 Qb8 29. Qf2 Bg5 $11) 28. Rg3 Ndf5 29. Qf2 Bg5 (29... Nxg3 $5 30. hxg3 Ng6 31. Bxb6 (31. Bc4 Bd5 $1) 31... Qc8 $15) 30. Bf1 (30. Rxg5 hxg5 31. Bf1 Qd8 $11) 30... Re4 $2 {[%mdl 2048] The concentration of black forces was pretty dangerous, but with his last move he oversteps the limit.} (30... Nxg3 31. hxg3 Ng6 32. Bxb6 Ne5 $15) 31. Bd3 $6 (31. Rxg5 $1 hxg5 32. Bxb6 Re8 33. a5 $16) 31... Rf4 32. Qe2 Nxg3 33. hxg3 Nxg2 $2 {The young swedish prodigy has got lost in complications. The last chance to use potential of his pieces was hidden in the spectacular move 33...f3!} (33... Rxd4 34. Nxd4 Nxg2 35. Rb1 $14) (33... Bf3 $1 34. gxf3 (34. Qe5 Rxd4 35. cxd4 (35. Qxd4 Nxg2 $19) 35... Bxd1 36. gxh4 Bxh4 $15) 34... Nxf3+ 35. Kh1 Nxd4+ (35... Rg4 $5 36. Qg2 $18) 36. Qg2 Qxg2+ 37. Kxg2 Nxc2 $1 38. Bxc2 (38. gxf4 Ne3+ 39. Kf3 Nxd1 40. fxg5 Nxc3 $11) 38... Rxa4 $14) 34. gxf4 Nxf4 35. Qe5 $1 {Kulaots immeditely sizes his chances for an attack of his own.} f6 (35... Nh3+ 36. Kf1 Bg2+ 37. Ke1 Bh4+ 38. Kd2 Bg5+ 39. Be3 $18) 36. Qf5 g6 (36... Bh1 37. Bc4+ (37. Qh7+ Kf7 38. Bc4+ Ne6 $15) 37... Kh8 (37... Kf8 38. Rd2 $18) 38. Rd2 $18) 37. Bc4+ Kf8 38. Qd7 Nh3+ (38... Bd5 39. Bxd5 Nxd5 40. Rf1 $18) 39. Qxh3 1-0